000 00549nam a2200193 a 4500
001 2937
003 CO-ViMGA
008 141112s2004 ck r 000 u spa d
040 _aCO-ViMGA
_bspa
_cCO-ViMGA
082 0 4 _a157.72 K455
100 1 _aKillinger, Barbara
_952135
245 1 0 _aLa adicción al trabajo :
_buna dependencia respetable :
_bguía para la familia
260 _aMexico :
_bPaidós,
_c1993
300 _a295 p
650 1 4 _aPERSONALIDAD
_95161
650 1 4 _aSUPERACION PERSONAL
_91484
650 1 4 _aTRABAJO
_94754
942 _2ddc
_cBK
999 _c15002
_d15002